F1 Allgemeinwissen II - Statistiken

Allgemein
  • Dieses Quiz wurde 864 mal gespielt
    553 seit der letzten Aktualisierung
  • Das Durchschnittsergebnis liegt bei 12 aus 15
Antwortstatistiken
Frage Antwort % Korrekt
Wie viele Rennen gab es in der 2022 Saison? 22
98%
Aus welchem Land kommt Valtteri Bottas? Finnland
94%
Wie viele Rookies sind auf dem 2023 Grid? 3
93%
Wer hält den Rekord für die meisten Siege am Stück? (2023) Max Verstappen
93%
Wer wurde 2016 Weltmeister? Nico Rosberg
93%
Wann war Michael Schumachers erster WM-Titel? 1994
91%
Wie viele am Stück hat er gewonnen? 10
89%
Wie viele Rennen hat Max Verstappen 2022 gewonnen? 15
89%
Wer war der erste deutsche F1-Weltmeister? Michael Schumacher
85%
Wie viele Siege hat Lewis Hamiton 2022? 0
82%
Wer ersetzte Michael Schumacher bei Ferrari 2007? Kimi Räikkönen
80%
Bei welchem Team fuhr Kimi Räikkönen 2012? Lotus
71%
Wo fand 2020 das erste Saisonrennen statt? Österreich
57%
Aus welchem ehemaligen Team entstand Red Bull Racing? Jaguar
48%
Wo war Sebastian Vettels erstes F1-Rennen? Indianapolis
46%
Keine übereinstimmenden Quizze gefunden
Verteilung der Resultate
Anzahl Personen mit jedem Resultat
Perzentil nach korrekt beantworteten Fragen
Ihre Resultats-Entwicklung
Sie haben dieses Quiz seit der letzten Aktualisierung nicht gespielt